| 000 | 01207nam a22003377c 4500 | ||
|---|---|---|---|
| 001 | 000030293 | ||
| 003 | RuMoIPM | ||
| 005 | 20260413124820.0 | ||
| 008 | 230329s1965 ru ||||| |||| 00| 0 rus d | ||
| 035 | _a(RuMoBEN) 002109687 | ||
| 040 |
_aRuMoBEN _brus _ercr |
||
| 041 |
_arus _heng |
||
| 044 | _aru | ||
| 080 | _a510.22 | ||
| 080 | _a511 | ||
| 080 | _a519.2 | ||
| 080 | _a512.643 | ||
| 080 | _a519.8 | ||
| 100 | _aКемени, Джон Джордж | ||
| 245 |
_aВведение в конечную математику _cДж. Кемени, Дж. Снелл, Дж. Томпсон ; Пер. с англ. М. Г. Зайцевой ; Под ред. И. М. Яглома |
||
| 250 | _a2-е изд., стер. | ||
| 260 |
_aМосква _bМир _c1965 |
||
| 300 | _a486 с. | ||
| 500 | _aПер. изд.: Introduction to finite mathematics / J. G. Kemeny [et al.]. Englewood Gliffs : Prentice Hall, 1957 | ||
| 504 | _aБиблиогр. в конце гл. | ||
| 700 | 1 | _aСнелл, Джеймс Лори | |
| 700 | 1 | _aТомпсон, Джон Григгс | |
| 700 | 1 |
_aЗайцева М. Г. _eпер. |
|
| 700 | 1 |
_aЯглом, Исаак Моисеевич _eред. |
|
| 942 | _cBK | ||
| 999 |
_c30293 _d30293 |
||